Kukon dyskografia - Statystyki

Ogólne statystyki
  • Ten quiz został rozwiązany 677 razy
  • Średni wynik to 8 z 11
Statystyki odpowiedzi
ROK PŁYTA % Poprawnych
2018 Piękny ból
92%
2019 Ogrody Mixtape
91%
2020 Ogrody Mixtape 2
88%
2021 DRAMAT
87%
2019 Agresja & Depresja
75%
2020 Kraków, Marzec 2020
73%
2019 Radio Taxi
73%
2020 Afera
69%
2019 Diabły & zapałki
68%
2022 ROUGH N'GENTLE
65%
2022 Kukonozaur Mixtape Mood
58%
Nie znaleziono quizów pasujących do podanych kryteriów
Rozkład punktacji
Procent ludzi z każdym wynikiem
Percentyl według liczby udzielonych odpowiedzi
Twoja historia wyników
Nie rozwiązałeś tego quizu